| 000 | 004660000a22001810004500 | ||
|---|---|---|---|
| 003 | MACL | ||
| 005 | 20151227161634.0 | ||
| 008 | 151227b xxu||||| |||| 00| 0 eng d | ||
| 040 |
_aMACL _cmacl |
||
| 041 | _aEnglish | ||
| 082 | _a027.754/OJH | ||
| 100 |
_aOjha, D C _923551 |
||
| 245 | _aUniversity Libraries In India | ||
| 260 |
_bLatesh Prakashan, Jodhpur _aJodhpur _c1980 |
||
| 350 | _a50 | ||
| 650 |
_aGeneral Libraries _923552 |
||
| 942 |
_cBK _k027.754/OJH _2ddc |
||
| 999 |
_c33786 _d33786 |
||